| Current Events - U.S. | 2 | 25.00 | 100% | 100% | 50% |
| Current Events - World | 2 | 25.00 | 100% | 100% | 50% |
| Fine Arts - Film | 2 | 25.00 | 100% | 100% | 50% |
| Fine Arts - Jazz | 2 | 30.00 | 100% | 100% | 100% |
| Fine Arts - Miscellaneous | 5 | 20.00 | 100% | 60% | 40% |
| Fine Arts - Music | 8 | 23.75 | 100% | 100% | 38% |
| Fine Arts - Opera | 3 | 20.00 | 100% | 67% | 33% |
| Fine Arts - Painting | 7 | 21.43 | 100% | 57% | 57% |
| Fine Arts - Photography | 1 | 0.00 | 0% | 0% | 0% |
| Fine Arts - Sculpture | 1 | 20.00 | 100% | 100% | 0% |
| Geography - Europe | 1 | 30.00 | 100% | 100% | 100% |
| Geography - World | 2 | 25.00 | 100% | 50% | 100% |
| History - American | 8 | 18.75 | 100% | 63% | 25% |
| History - Cross, Historiography, and Miscellaneous | 7 | 21.43 | 100% | 57% | 57% |
| History - European | 8 | 23.75 | 100% | 63% | 75% |
| History - World | 9 | 24.44 | 100% | 100% | 44% |
| Literature - American | 8 | 18.75 | 100% | 75% | 13% |
| Literature - British | 11 | 24.55 | 100% | 91% | 55% |
| Literature - European | 9 | 21.11 | 100% | 78% | 33% |
| Literature - World and Miscellaneous | 10 | 25.00 | 100% | 90% | 60% |
| Other - Other Academic and General Knowledge | 5 | 18.00 | 100% | 60% | 20% |
| RMP - Buddhism | 1 | 30.00 | 100% | 100% | 100% |
| RMP - Christian Practice | 1 | 20.00 | 100% | 0% | 100% |
| RMP - Greco-Roman Mythology | 5 | 24.00 | 100% | 80% | 60% |
| RMP - Hebrew Bible | 1 | 20.00 | 100% | 100% | 0% |
| RMP - Islam | 2 | 20.00 | 100% | 100% | 0% |
| RMP - New Testament | 1 | 10.00 | 100% | 0% | 0% |
| RMP - Other Religion | 1 | 20.00 | 100% | 100% | 0% |
| RMP - Philosophy | 4 | 17.50 | 75% | 50% | 50% |
| RMP - World Mythology | 6 | 25.00 | 100% | 100% | 50% |
| Science - Astronomy | 2 | 25.00 | 100% | 100% | 50% |
| Science - Biology | 11 | 15.45 | 100% | 27% | 27% |
| Science - Chemistry | 6 | 13.33 | 100% | 17% | 17% |
| Science - Computer Science | 2 | 10.00 | 100% | 0% | 0% |
| Science - Earth | 3 | 10.00 | 100% | 0% | 0% |
| Science - Engineering and Miscellaneous | 2 | 5.00 | 50% | 0% | 0% |
| Science - Math | 2 | 15.00 | 100% | 50% | 0% |
| Science - Physics | 10 | 14.00 | 100% | 30% | 10% |
| Social Science - Economics | 2 | 20.00 | 100% | 100% | 0% |
| Social Science - Other | 2 | 25.00 | 100% | 100% | 50% |
| Social Science - Psychology | 1 | 20.00 | 100% | 0% | 100% |